Psicodiagnóstico: (Registro nro. 9254)
[ vista simple ]
| 000 -LEADER | |
|---|---|
| fixed length control field | 01085nam a2200193Ia 4500 |
| 005 - FECHA Y HORA DE LA ÚLTIMA TRANSACCIÓN | |
| control field | 20230912095043.0 |
| 008 - FIXED-LENGTH DATA ELEMENTS--GENERAL INFORMATION | |
| fixed length control field | 230906s9999 xx 000 0 und d |
| 040 ## - CATALOGING SOURCE | |
| Original cataloging agency | UPAN |
| Transcribing agency | Biblioteca San Vicente |
| Description conventions | RCAA2 |
| 041 ## - LANGUAGE CODE | |
| Language code of text/sound track or separate title | spa |
| 082 ## - DEWEY DECIMAL CLASSIFICATION NUMBER | |
| Classification number | 157.92 |
| Item number | F363p |
| año de publicación | 1981 |
| 100 ## - MAIN ENTRY--PERSONAL NAME | |
| Personal name | Fernández Ballesteros, Rocío |
| Relator code | aut. |
| 245 #0 - TITLE STATEMENT | |
| Title | Psicodiagnóstico: |
| Remainder of title | Concepto y metodología/ |
| Statement of responsibility, etc | Rocío Fernández Ballesteros |
| 250 ## - EDITION STATEMENT | |
| Edition statement | s/d |
| 260 ## - PUBLICATION, DISTRIBUTION, ETC. (IMPRINT) | |
| Place of publication, distribution, etc | Madrid: |
| Date of publication, distribution, etc | s.n. |
| 300 ## - PHYSICAL DESCRIPTION | |
| Extent | 196 p.; |
| Dimensions | 24 cm. |
| 505 ## - FORMATTED CONTENTS NOTE | |
| Formatted contents note | Prólogo. Prólogo a la segunda Edición. Introducción Primera Parte: Concepto de Psicodiagnóstico. (Concepto Histórico) 1.Fuentes del psicodiagnóstico. 2. El psicodiagnóstico como disciplina científica. 3. Repercusiones sociales del Psicodiagnóstico. (Concepto sistemático) 4. Perspectivas de definición. 5. Hacia un modelo de psicodiagnóstico Segunda Parte: metodología en psicodiagnóstico. 6. Alternativas. 7. Los métodos. 8. Las Técnicas. Epílogo. Futuro de la metodología en psicodiagnóstico. Bibliografía |
| 650 ## - SUBJECT ADDED ENTRY--TOPICAL TERM | |
| Source of heading or term | LEMB |
| General subdivision | Psicodiagnóstico |
| 942 ## - ADDED ENTRY ELEMENTS (KOHA) | |
| Koha item type | Libros |
| Source of classification or shelving scheme | Dewey Decimal Classification |
| Withdrawn status | Lost status | Source of classification or shelving scheme | Damaged status | Not for loan | Collection code | Home library | Current library | Date acquired | Total Checkouts | Full call number | Barcode | Date last seen | Copy number | Price effective from | Koha item type |
|---|---|---|---|---|---|---|---|---|---|---|---|---|---|---|---|
| Dewey Decimal Classification | Colección General | Biblioteca UPAN San Vicente | Biblioteca UPAN San Vicente | 06/09/2023 | 157.92 F363p | 12000155 | 06/09/2023 | 01 | 06/09/2023 | Libros |